Egypt. Atlas ekonoma.

Politická a hospodárska situácia Egypta. Mena, zahraničná zadlženosť, štátne financie, platobná bilancia, bankovníctvo a zahraničný obchod. Obchodné styky Egypta s bývalým Česko-Slovenskom.

Gespeichert in:
Bibliographische Detailangaben
1. Verfasser: Hálek, J.
Format: Buchkapitel
Sprache:Tschechisch
Schlagworte:
Tags: Tag hinzufügen
Keine Tags, Fügen Sie das erste Tag hinzu!

MARC

LEADER 00000naa a2200000 4500
001 r013038
005 20221205075632.3
041 0 |a cze 
044 |a CZ 
245 1 0 |a Egypt.  |b Atlas ekonoma.  |c J. Hálek 
520 |a Politická a hospodárska situácia Egypta. Mena, zahraničná zadlženosť, štátne financie, platobná bilancia, bankovníctvo a zahraničný obchod. Obchodné styky Egypta s bývalým Česko-Slovenskom. 
610 2 0 |a rozvoj hospodársky 
610 2 0 |a hospodárstvo národné 
610 2 0 |a Egypt 
610 2 0 |a mena 
610 2 0 |a zadlženosť zahraničná 
610 2 0 |a financie štátne 
610 2 0 |a bilancia platobná 
610 2 0 |a bankovníctvo 
610 2 0 |a obchod zahraničný 
610 2 0 |a ČSFR 
100 1 |a Hálek, J.